00401 2200157 4500001002100000005001700021008004100038035002500079090001900104245002100123260001600144300002900160650002400189850001200213990001800225YOGYA-0211000000325820150312085332.0 ind  a0010-021100000003258 aRT 769.566 Pos aPOSTCARD BOOK.-- bPeriplusc0 a20 lembar.: ilus.; 17 cm aKartu pos - koleksi aYOPDYOG a40786-PD/A.10